LEADER 01080cam0-22004211i-450- 001 990000980150403321 005 20150626093634.0 035 $a000098015 035 $aFED01000098015 035 $a(Aleph)000098015FED01 035 $a000098015 100 $a20001205d1963----km-y0itay50------ba 101 0 $aita 102 $aIT 105 $ay-------001yy 200 1 $aLezioni di algebra$eanno accademico 1961-62$fMario Curzio 210 $aNapoli$cLiguori$d1963 215 $a402 p.$d23 cm 610 0 $aAlgebra 610 0 $aTeoria delle equazioni 610 0 $aCalcolo vettoriale 610 0 $aInsiemi 610 0 $aStrutture algebriche 676 $a512 676 $a516 700 1$aCurzio,$bMario$028697 801 0$aIT$bUNINA$gRICA$2UNIMARC 901 $aBK 912 $a990000980150403321 952 $aMXXV-A-216$b33052$fMAS 952 $a10-076F$b4848$fFI1 952 $a10-076.001F$b12038$fFI1 952 $a02 108A$b8900$fFINBN 959 $aFI1 959 $aMAS 959 $aFINBN 996 $aLezioni di algebra$932719 997 $aUNINA LEADER 01497nam a2200385 i 4500 001 991001052809707536 005 20020507182340.0 008 940519s1984 ||| ||| | eng 020 $a3540128999 035 $ab10794384-39ule_inst 035 $aLE01306298$9ExL 040 $aDip.to Matematica$beng 082 0 $a530.136 084 $aAMS 76P0 084 $aAMS 82A40 (1985) 084 $aAMS 82A45 (1985) 084 $aAMS 82A70 (1985) 084 $aQC175.2A1 100 1 $aCercignani, Carlo$017698 245 10$aKinetic theories and the Boltzmann equation :$blect. given at the 1st 1981 session of the Centro internazionale matematico estivo (C.I.M.E.), held at Montecatini, Italy, June 10-18, 1981 /$ced. C. Cercignani 260 $aBerlin ; New York :$bSpringer-Verlag,$c1984 300 $av, 243 p. :$bill. ;$c24 cm. 490 0 $aLecture notes in mathematics,$x0075-8434 ;$v1048 500 $aIncludes bibliographies 650 4$aBoltzmann equation 650 4$aEvolution equations$xCongresses 650 4$aKinetic theory of gases$xCongresses 650 4$aRarefied gas flows 650 4$aTransport theory$xCongresses 907 $a.b10794384$b23-02-17$c28-06-02 912 $a991001052809707536 945 $aLE013 76P05 CER11 (1984)$g1$i2013000123059$lle013$o-$pE0.00$q-$rl$s- $t0$u0$v0$w0$x0$y.i10895644$z28-06-02 996 $aKinetic Theories and the Boltzmann Equation$9352908 997 $aUNISALENTO 998 $ale013$b01-01-94$cm$da $e-$feng$gxx $h0$i1